[Event "Budapest FS06 IM"]
[Site "Budapest"]
[Date "1993.??.??"]
[Round "3"]
[White "Dovzik, Juri"]
[Black "Hedman, Erik"]
[Result "1-0"]
[WhiteElo "2345"]
[BlackElo "2225"]

1.e4 e5 2.Nf3 Nc6 3.Bb5 a6 4.Ba4 Nf6 5.O-O Be7 6.Re1 b5 7.Bb3 d6 8.c3 O-O
9.h3 Bb7 10.d4 Re8 11.Nbd2 Bf8 12.a4 h6 13.Bc2 exd4 14.cxd4 Nb4 15.Bb1 c5
16.d5 Nd7 17.Ra3 f5 18.Nh2 Kh8 19.Rg3 Nf6 20.Nhf3 fxe4 21.Nxe4 Bxd5 22.Nxf6 Qxf6
23.Bd2 Qxb2 24.Bxb4 Qxb4 25.Qxd5 Rxe1+ 26.Nxe1 Qxb1 27.Qxa8 Qxe1+ 28.Kh2 Kg8
29.Re3 Qa1 30.Qd5+ Kh7 31.Rf3 Be7 32.Qe4+ Kg8 33.Qe6+  1-0

[Event "Budapest FS07 GM"]
[Site "Budapest"]
[Date "1993.??.??"]
[Round "6"]
[White "Lengyel, Bela"]
[Black "Lukacs, Peter"]
[Result "1/2-1/2"]
[WhiteElo "2420"]
[BlackElo "2485"]

1.e4 e5 2.Nf3 Nc6 3.Bb5 a6 4.Ba4 Nf6 5.O-O Be7 6.Re1 b5 7.Bb3 d6 8.c3 O-O
9.h3 Bb7 10.d3 Nb8 11.Nbd2 Nbd7 12.Nf1 Nc5 13.Bc2 Re8 14.Ng3 Bf8 15.Nh2 d5
16.Qf3 Ne6 17.Nf5 Kh8 18.Ng4 Nxg4 19.Qxg4 g6 20.Nh6 Qf6 21.h4 dxe4 22.dxe4 Qg7
23.Bb3 Bd6 24.h5 Bc8 25.Qh4 Rf8 26.Ng4 gxh5 27.Bxe6 Bxe6 28.Nh6 f5 29.exf5 Bxf5
30.Qxh5 Be6  1/2-1/2

[Event "Budapest FS06 GM"]
[Site "Budapest"]
[Date "1993.??.??"]
[Round "9"]
[White "Lengyel, Bela"]
[Black "Lukacs, Peter"]
[Result "0-1"]
[WhiteElo "2350"]
[BlackElo "2480"]

1.e4 e5 2.Nf3 Nc6 3.Bb5 a6 4.Ba4 Nf6 5.O-O Be7 6.Re1 b5 7.Bb3 d6 8.c3 O-O
9.h3 Bb7 10.d3 Na5 11.Bc2 c5 12.Nbd2 Re8 13.Nf1 h6 14.Ng3 Bf8 15.d4 cxd4
16.cxd4 exd4 17.Nxd4 Rc8 18.b3 g6 19.Bb2 Bg7 20.Qd2 d5 21.e5 Ne4 22.Nxe4 dxe4
23.Rad1 Bxe5 24.Qxh6 Qf6 25.Qd2 Bc7 26.g3 Qh8 27.h4 Qh5 28.Qg5 Qxg5 29.hxg5 e3
30.f4 Bb6 31.Re2 Nc6 32.Nxc6 Bxc6 33.Rd6 Bf3 34.Rxb6 Bxe2 35.Bxg6 fxg6 36.Rxg6+ Kf7
37.f5 Rc2 38.Rf6+ Ke7 39.Bd4 Kd7 40.Rf7+ Kd6  0-1

[Event "Budapest FS12 GM"]
[Site "Budapest"]
[Date "1993.??.??"]
[Round "10"]
[White "Lengyel, Bela"]
[Black "Lukacs, Peter"]
[Result "1/2-1/2"]
[WhiteElo "2420"]
[BlackElo "2485"]

1.e4 e5 2.Nf3 Nc6 3.Bb5 a6 4.Ba4 Nf6 5.O-O Be7 6.Re1 b5 7.Bb3 d6 8.c3 O-O
9.h3 Bb7 10.d4 Re8 11.dxe5 Nxe5 12.Nxe5 dxe5 13.Qf3 c5 14.Nd2 c4 15.Bc2 Nd7
16.Nf1 Bg5 17.Rd1 Bc6 18.Ng3 Bxc1 19.Raxc1 Qg5 20.Ra1 g6 21.Rd6 Rac8 22.b4 Nf8
23.Qg4 Qxg4 24.hxg4 Ne6 25.f3 Red8 26.Rad1 Rxd6 27.Rxd6 Kf8 28.Ne2 Ke7 29.Rd1 a5  1/2-1/2

[Event "Capablanca mem-A"]
[Site "?"]
[Date "1993.??.??"]
[Round "2"]
[White "Magem Badals, Jorge"]
[Black "Henao, Raul Fernando"]
[Result "1-0"]
[WhiteElo "2510"]
[BlackElo "2405"]

1.e4 e5 2.Nf3 Nc6 3.Bb5 a6 4.Ba4 Nf6 5.O-O Be7 6.Re1 b5 7.Bb3 d6 8.c3 O-O
9.h3 Bb7 10.d4 Re8 11.Ng5 Rf8 12.Nf3 Re8 13.Nbd2 Bf8 14.Bc2 h6 15.d5 Nb8
16.b3 c6 17.c4 Nbd7 18.a4 bxc4 19.bxc4 a5 20.Nb3 Ba6 21.Bd3 Bb7 22.Bd2 cxd5
23.cxd5 Bxd5 24.exd5 e4 25.Bxa5 Qb8 26.Bb5 exf3 27.Rxe8 Qxe8 28.Qxf3 Qe5
29.Bc3 Qg5 30.Bc6 Rb8 31.Bxf6 Nxf6 32.a5 Qe5 33.Rb1 Qe7 34.Qe3 Qc7 35.Ra1  1-0

[Event "Cappelle op"]
[Site "Cappelle la Grande"]
[Date "1993.??.??"]
[Round "5"]
[White "Geller, Efim P"]
[Black "Klarenbeek, Hans"]
[Result "1/2-1/2"]
[WhiteElo "2515"]
[BlackElo "2415"]

1.e4 e5 2.Nf3 Nc6 3.Bb5 a6 4.Ba4 Nf6 5.O-O Be7 6.Re1 b5 7.Bb3 d6 8.c3 O-O
9.h3 Bb7 10.d4 Re8 11.Nbd2 Bf8 12.Bc2 Nb8 13.b3 Nbd7 14.d5 c6 15.c4 Qc7 16.Nf1 Rec8
17.Ne3 g6 18.Bd2 bxc4 19.bxc4 Nc5 20.dxc6 Bxc6 21.Nd5 Nxd5 22.cxd5 Bb5 23.Rc1 Qd7
24.Nh2 Bg7 25.Qf3 Rf8 26.g4 Rae8 27.Be3 Rc8 28.Qg3 Nd3 29.Bxd3 Bxd3 30.Bd2 Rxc1
31.Bxc1 Bc4 32.g5 f5 33.gxf6 Bxf6 34.Bh6 Bg7 35.Bxg7 Kxg7 36.Nf3 h6 37.Nh4 g5
38.Rc1 Kh7 39.Ng2 Be2 40.Rc3 Bh5 41.Ne1 Bg6 42.f3 Bh5 43.Kg2 Rc8 44.Rxc8 Qxc8
45.Qf2 Qc3 46.Qa7+ Kg8 47.Kf2 Qd2+ 48.Kf1 Be8 49.Qa8 Kf7 50.Qb7+ Kg6 51.Qxa6 Qb4
52.a4 Bxa4 53.Kf2 Qd2+ 54.Qe2 Qxe2+ 55.Kxe2 Bd7 56.h4 gxh4 57.Kf2 Kg5 58.Ng2 h3
59.Ne3 Kf4 60.Nc4 h2 61.Kg2 h1=Q+ 62.Kxh1 Kxf3 63.Nxd6 Kf4 64.Kg2 h5  1/2-1/2

[Event "Chicago op"]
[Site "Chicago"]
[Date "1993.??.??"]
[Round "4"]
[White "Sherzer, Alex"]
[Black "Ivanov, Alexander"]
[Result "1/2-1/2"]
[WhiteElo "2465"]
[BlackElo "2525"]

1.e4 e5 2.Nf3 Nc6 3.Bb5 a6 4.Ba4 Nf6 5.O-O Be7 6.Re1 b5 7.Bb3 d6 8.c3 O-O
9.h3 Bb7 10.d4 Re8 11.Nbd2 Bf8 12.d5 Nb8 13.Nf1 Nbd7 14.Ng3 Nc5 15.Bc2 c6
16.b4 Ncd7 17.dxc6 Bxc6 18.Bb3 Nb6 19.Qd3 h6 20.Be3 a5 21.a3 Qc7 22.Nh2 Bd7
23.Ng4 Nxg4 24.hxg4 Nc4 25.Bxc4 bxc4 26.Qe2 Qc6 27.f3 Ra6 28.Rab1 axb4 29.axb4 Qb5
30.Red1 Ra3 31.Qd2 Rea8 32.Nf5 R8a6 33.Qe1 Be6 34.Ra1 Rxa1 35.Rxa1 d5 36.exd5 Rxa1
37.Qxa1 Qxd5 38.Qb1 Bd7 39.Qc2 Bc6 40.Qd2 Qxd2 41.Bxd2 f6 42.Kf2 Kf7 43.Ne3 Bb5
44.Nc2 Bc6 45.Ne3 Bb5 46.Nd5 Bd6 47.Be3 Ke6 48.Nb6 Bc7 49.Nc8 Bd7 50.Nb6 Bxb6
51.Bxb6 g6 52.Kg3 h5 53.gxh5  1/2-1/2

[Event "CUB-ch"]
[Site "?"]
[Date "1993.??.??"]
[Round "3"]
[White "Herrera, Irisberto"]
[Black "Arencibia, Walter"]
[Result "0-1"]
[WhiteElo "2365"]
[BlackElo "2485"]

1.e4 e5 2.Nf3 Nc6 3.Bb5 a6 4.Ba4 Nf6 5.O-O Be7 6.Re1 b5 7.Bb3 d6 8.c3 O-O
9.h3 Bb7 10.d4 Re8 11.Nbd2 Bf8 12.Bc2 g6 13.d5 Nb8 14.a4 Nbd7 15.b4 c6 16.dxc6 Bxc6
17.c4 Qc7 18.cxb5 axb5 19.a5 d5 20.Ba3 Bh6 21.Bb3 Rad8 22.Qc2 dxe4 23.Nxe4 Nxe4
24.Rxe4 Nf6 25.Rh4 Bg7 26.Rc1 Rc8 27.Bb2 Qb8 28.Ng5 Bd5 29.Bxd5 Nxd5 30.Qb3 Rxc1+
31.Bxc1 Qc7 32.Bd2 Nf4 33.Rxh7 Rd8 34.Be3 Rd3 35.Qb2 Rd1+ 36.Kh2 Nd5 37.Qe2 Nxe3
38.Qxe3 Rd4 39.g3 Rxb4 40.Qb6 Qxb6 41.axb6 Rd4 42.b7 Rd8 43.Rh4 Rb8 44.Rb4 Rxb7
45.Ne4 Bf8 46.Rb3 f5 47.Nd2 Bc5 48.Kg2 Kf7 49.Rd3 Ke6 50.Nb3 Bb6 51.g4 e4
52.gxf5+ gxf5 53.Rd1 Ke5 54.h4 Rg7+ 55.Kf1 Rh7 56.Rc1 Rxh4 57.Rc6 Rh3 58.Nd2 Bd4
59.Rc8 Rh2  0-1

[Event "CUB-ch"]
[Site "?"]
[Date "1993.??.??"]
[Round "4"]
[White "Leyva, Ricardo"]
[Black "Alvarez, Jose"]
[Result "1-0"]
[WhiteElo "2285"]
[BlackElo "2240"]

1.e4 e5 2.Nf3 Nc6 3.Bb5 a6 4.Ba4 Nf6 5.O-O Be7 6.Re1 b5 7.Bb3 d6 8.c3 O-O
9.h3 Bb7 10.d4 Re8 11.Nbd2 Bf8 12.a4 Qd7 13.d5 Ne7 14.Nf1 h6 15.N3h2 c6 16.dxc6 Bxc6
17.Ng3 d5 18.axb5 axb5 19.Rxa8 Bxa8 20.Nh5 Nxe4 21.Rxe4  1-0

[Event "Cuxhaven op"]
[Site "Cuxhaven"]
[Date "1993.??.??"]
[Round "8"]
[White "Mrva, Vladimir"]
[Black "Hedke, Fred"]
[Result "0-1"]
[WhiteElo "2305"]
[BlackElo "2345"]

1.e4 e5 2.Nf3 Nc6 3.Bb5 a6 4.Ba4 Nf6 5.O-O Be7 6.Re1 b5 7.Bb3 d6 8.c3 O-O
9.h3 Bb7 10.d4 h6 11.Nbd2 Re8 12.Nf1 Bf8 13.Ng3 Na5 14.Bc2 g6 15.b3 Bg7 16.d5 c6
17.c4 bxc4 18.b4 cxd5 19.exd5 Nxd5 20.bxa5 Qxa5 21.Bd2 c3 22.Bc1 Nb4 23.Bb3 d5
24.a3 e4 25.Bxh6 Bxh6 26.axb4 Qxb4 27.Rb1 exf3 28.Bc2 Qf4 29.Rxb7 Rxe1+ 30.Qxe1 Qd2
31.Qe7 Rf8 32.Bxg6 c2 33.Bxf7+ Kh8 34.Bg6 c1=Q+ 35.Kh2 Qh1+ 36.Nxh1 Bf4+
37.g3 Bxg3+  0-1

[Event "Dortmund op-A"]
[Site "Dortmund"]
[Date "1993.??.??"]
[Round "5"]
[White "Kindermann, Stefan"]
[Black "Busch, Klaus"]
[Result "1-0"]
[WhiteElo "2495"]
[BlackElo "2385"]

1.e4 e5 2.Nf3 Nc6 3.Bb5 a6 4.Ba4 Nf6 5.O-O Be7 6.Re1 b5 7.Bb3 d6 8.c3 O-O
9.h3 Bb7 10.d4 Na5 11.Bc2 Nc4 12.Nbd2 Nxd2 13.Bxd2 Nd7 14.a4 c5 15.Be3 Bf6
16.b3 exd4 17.cxd4 Re8 18.axb5 axb5 19.Rxa8 Bxa8 20.d5 Bb7 21.Qd3 Qa5 22.Bd2 Qb6
23.e5 dxe5 24.Qxh7+ Kf8 25.Nh4 Ke7 26.Nf5+ Kd8 27.Be4 Kc8 28.Nxg7 Bxg7 29.Qxg7 Qf6
30.Qg4 Kc7 31.Ba5+ Kd6 32.Qe2 b4 33.Qb5 Rh8 34.Bxb4 cxb4 35.Qxb4+ Nc5 36.Qb6+  1-0

[Event "Dortmund op-A"]
[Site "Dortmund"]
[Date "1993.??.??"]
[Round "10"]
[White "Kummerow, Heiko"]
[Black "Hedke, Fred"]
[Result "0-1"]
[WhiteElo "2255"]
[BlackElo "2320"]

1.e4 e5 2.Nf3 Nc6 3.Bb5 a6 4.Ba4 Nf6 5.O-O Be7 6.Re1 b5 7.Bb3 d6 8.c3 O-O
9.h3 Bb7 10.d4 h6 11.Nbd2 Re8 12.d5 Nb8 13.Nf1 Bf8 14.N3h2 Nbd7 15.Ng4 c6
16.dxc6 Bxc6 17.Ng3 Nc5 18.Bc2 a5 19.a3 Kh8 20.Qf3 Nxg4 21.hxg4 Ra7 22.g5 g6
23.Qg4 h5 24.Qh4 Kg8 25.Be3 Rd7 26.Rad1 Ne6 27.Bb3 Be7 28.Nf5 Bxg5 29.Bxg5 Nxg5
30.Qg3 gxf5 31.exf5 Kh8 32.Qh2 f6 33.f4 exf4 34.Be6 Rh7 35.Qxf4 d5 36.Qd4 h4
37.Qc5 Qa8 38.Qd6 Ne4 39.Rxe4 dxe4 40.Bb3 Qa7+  0-1

[Event "Espoo op"]
[Site "Espoo"]
[Date "1993.??.??"]
[Round "3"]
[White "Paavilainen, Jorma"]
[Black "Klovans, Janis"]
[Result "1-0"]
[WhiteElo "2315"]
[BlackElo "2440"]

1.e4 e5 2.Nf3 Nc6 3.Bb5 a6 4.Ba4 Nf6 5.O-O Be7 6.Re1 b5 7.Bb3 d6 8.c3 O-O
9.h3 Bb7 10.d4 Re8 11.Ng5 Rf8 12.Nf3 Na5 13.Bc2 Nc4 14.b3 Nb6 15.Nbd2 Nfd7
16.Nf1 c5 17.Ng3 g6 18.Bh6 Re8 19.Qd2 Bf6 20.Rad1 Rc8 21.Bb1 Qc7 22.d5 c4
23.b4 a5 24.a3 Bg7 25.Rf1 axb4 26.axb4 Nf8 27.Nh2 Nbd7 28.Ng4 Qd8 29.Bc2 Ra8
30.Ra1 Qe7 31.Bg5 f6 32.Be3 h5 33.Nh2 h4 34.Ne2 g5 35.Ng4 Ng6 36.Ba7 Ndf8
37.Ne3 Bc8 38.Bb6 Rxa1 39.Rxa1 Qb7 40.Ba7 Ne7 41.Ra5 Bd7 42.Ng4 Ra8 43.Bb6 Ra6
44.Bd8 Kf7 45.Qe3 Ke8 46.Rxa6 Qxa6 47.Ba5 Nfg6 48.Qf3 Kf7 49.Kh2 Qc8 50.Ng1 Nf4
51.Ne3 Kg8 52.Qd1 f5 53.exf5 Nxf5 54.Nf3 Nxe3 55.fxe3 Nd3 56.Nxg5 Qf8 57.Bxd3 cxd3
58.Qxd3 Qf2 59.Qh7+ Kf8 60.Ne4 Qxe3 61.Qxh4  1-0

[Event "FIN-ch"]
[Site "FIN"]
[Date "1993.??.??"]
[Round "?"]
[White "Sammalvuo, Tapani"]
[Black "Salo, Heikki"]
[Result "1/2-1/2"]
[WhiteElo "2280"]
[BlackElo "2240"]

1.e4 e5 2.Nf3 Nc6 3.Bb5 a6 4.Ba4 Nf6 5.O-O Be7 6.Re1 b5 7.Bb3 O-O 8.c3 d6
9.h3 Bb7 10.d4 Re8 11.Ng5 Rf8 12.Nf3 Re8 13.Nbd2 Bf8 14.a4 h6 15.Bc2 exd4
16.cxd4 Nb4 17.Bb1 c5 18.d5 Nd7 19.Ra3 f5 20.e5 dxe5 21.Bxf5 Bxd5 22.axb5 axb5
23.Ne4 Nf6 24.Rxa8  1/2-1/2

[Event "Geneve"]
[Site "Geneve"]
[Date "1993.??.??"]
[Round "10"]
[White "Lanka, Zigurds"]
[Black "Razuvaev, Yuri S"]
[Result "1/2-1/2"]
[WhiteElo "2540"]
[BlackElo "2560"]

1.e4 e5 2.Nf3 Nc6 3.Bb5 a6 4.Ba4 Nf6 5.O-O Be7 6.Re1 b5 7.Bb3 d6 8.c3 O-O
9.h3 Bb7 10.d4 Re8 11.Nbd2 Bf8 12.Bc2 Nb8 13.a4 Nbd7 14.b3 g6  1/2-1/2

[Event "BL2-N9293"]
[Site "Germany"]
[Date "1993.??.??"]
[Round "?"]
[White "Mowsziszian, Karen"]
[Black "Slobodjan, Roman"]
[Result "1/2-1/2"]
[WhiteElo "2485"]
[BlackElo "2440"]

1.e4 e5 2.Nf3 Nc6 3.Bb5 a6 4.Ba4 Nf6 5.O-O b5 6.Bb3 Be7 7.Re1 d6 8.c3 O-O
9.h3 Bb7 10.d4 Re8 11.a4 Bf8 12.Ng5 Re7 13.axb5 axb5 14.Bxf7+ Rxf7 15.Qb3 Qe8
16.Rxa8 Bxa8 17.Nxf7 Qxf7 18.Qxb5 Nxe4 19.Rxe4 Nxd4 20.cxd4 Bxe4 21.Nc3 Qg6
22.Nxe4 Qxe4 23.dxe5 d5 24.Be3 Qxe5 25.g3 Bd6 26.Kh2 h6 27.b4 Qe4 28.Qc6 Bxb4
29.Qxc7 Be7 30.Qf4 Qxf4 31.Bxf4  1/2-1/2

[Event "BL2-N9293"]
[Site "Germany"]
[Date "1993.??.??"]
[Round "?"]
[White "Cladouras, Panagiotis"]
[Black "Preuschoff, Michael"]
[Result "1-0"]
[WhiteElo "2330"]
[BlackElo "2285"]

1.e4 e5 2.Nf3 Nc6 3.Bb5 a6 4.Ba4 Nf6 5.O-O Be7 6.Re1 b5 7.Bb3 d6 8.c3 O-O
9.h3 Bb7 10.d4 Re8 11.Nbd2 Bf8 12.a3 Nb8 13.Bc2 Nbd7 14.b3 g6 15.Bb2 Nh5
16.Nf1 Rb8 17.a4 bxa4 18.Rxa4 exd4 19.cxd4 Bg7 20.Qa1 Nf4 21.d5 Bxb2 22.Qxb2 Nc5
23.Rc4 Ncd3 24.Bxd3 Nxd3 25.Qc3 Nxe1 26.Nxe1 Re7 27.Ne3 Bc8 28.N1c2 Qe8 29.f3 Rb7
30.Nd4 f6 31.Nc6 Rf7 32.Na5 Ra7 33.Nc6 Ra8 34.Ng4 Kg7 35.Qd2 Bd7 36.Nd4 Ra7
37.b4 Kh8 38.Qc3 Bb5 39.Nxf6 Qe5 40.Ng4 Qg7 41.e5 Rf4 42.Nxb5 Rxc4 43.Qxc4 axb5
44.Qxb5 Ra1+ 45.Kh2 Qf7 46.Qc4 dxe5 47.Nxe5 Qf6 48.Qd4 Rb1 49.Nxg6+ Kg7 50.Ne5 Qb6
51.Qg4+ Kf6 52.Nd7+  1-0

[Event "Groningen PCA"]
[Site "Groningen"]
[Date "1993.??.??"]
[Round "1"]
[White "Georgiev, Kiril"]
[Black "Hjartarson, Johann"]
[Result "1/2-1/2"]
[WhiteElo "2660"]
[BlackElo "2605"]

1.e4 e5 2.Nf3 Nc6 3.Bb5 a6 4.Ba4 Nf6 5.O-O Be7 6.Re1 b5 7.Bb3 d6 8.c3 O-O
9.h3 Bb7 10.d4 Re8 11.Nbd2 Bf8 12.a4 h6 13.Bc2 exd4 14.cxd4 Nb4 15.Bb1 c5
16.b3 cxd4 17.Nxd4 Qb6 18.Bb2 bxa4 19.Rxa4 d5 20.e5 Ne4 21.Nxe4 dxe4 22.Bxe4 Rxe5
23.Bxb7 Rxe1+ 24.Qxe1 Qxb7 25.Qe2 Qd5 26.Qf3  1/2-1/2

[Event "GER-ch int U20"]
[Site "Hamburg"]
[Date "1993.??.??"]
[Round "?"]
[White "Savko, Alexei"]
[Black "Stevanovic, Igor"]
[Result "1-0"]
[WhiteElo "2340"]
[BlackElo "2145"]

1.e4 e5 2.Nf3 Nc6 3.Bb5 a6 4.Ba4 Nf6 5.O-O Be7 6.Re1 b5 7.Bb3 O-O 8.h3 d6
9.c3 Bb7 10.d4 Re8 11.dxe5 dxe5 12.Bxf7+ Kxf7 13.Qb3+ Nd5 14.Qxd5+ Qxd5 15.exd5 Na5
16.Nxe5+ Kg8 17.Nc6 Nxc6 18.dxc6 Bxc6 19.Be3 Bd6 20.Nd2 Re6 21.Nf1 Rg6 22.g3 Bd7
23.Kh2 Rf8 24.Rad1 Rf5 25.Bf4 Bxf4 26.Rxd7 Bd6 27.Re8+ Rf8 28.Rdd8 Rf6 29.Rxf8+ Rxf8
30.Rxf8+ Kxf8 31.Kg2 Kf7 32.Kf3 Ke6 33.Ke4 c6 34.Ne3 a5 35.b3 g6 36.Nc2 Bc5
37.Nd4+ Kd6 38.f4 Bb6 39.g4 Bd8 40.g5 Be7 41.h4 Bf8 42.f5 Bg7 43.f6 Bf8 44.Ne2 a4
45.Nf4 axb3 46.axb3 Kd7 47.h5 gxh5 48.Nxh5 Ke6 49.Nf4+ Kf7 50.Kf5 Ba3 51.Nd3  1-0

[Event "HUN-chT"]
[Site "HUN"]
[Date "1993.??.??"]
[Round "?"]
[White "Kereszturi, Sara"]
[Black "Glatt, Gabor"]
[Result "0-1"]
[WhiteElo "2160"]
[BlackElo "2295"]

1.e4 e5 2.Nf3 Nc6 3.Bb5 a6 4.Ba4 Nf6 5.O-O Be7 6.Re1 b5 7.Bb3 d6 8.c3 O-O
9.h3 Bb7 10.d4 Re8 11.Ng5 Rf8 12.Nf3 h6 13.Nbd2 Re8 14.Bc2 Bf8 15.d5 Ne7
16.b3 c6 17.c4 Qa5 18.Nf1 Reb8 19.Bd2 Qd8 20.Ng3 a5 21.Bd3 Nd7 22.Bf1 bxc4
23.bxc4 cxd5 24.cxd5 f5 25.exf5 Bxd5 26.Nh2 Bf7 27.Ng4 Nd5 28.Ne4 N5f6 29.f4 Nxe4
30.Rxe4 Nc5 31.Re1 h5 32.Nf2 exf4 33.Bxf4 Qf6 34.Qf3 Qxf5 35.Nd3 Bd5 36.Qg3 Ne4
37.Qe3 Nf6 38.Qd4 Be4 39.Bh2 Rc8 40.Rac1 Qd5 41.Qxd5+ Bxd5 42.a4 Bb3 43.Nb2 d5
44.Bb5 Bb4 45.Rf1 Bd2 46.Rxc8+ Rxc8 47.Be5 Bc3 48.Nd3 Bxe5 49.Nxe5 Rc2 50.Nc6 Bc4
51.Bxc4 Rxc4 52.Nxa5 Rxa4 53.Nc6 Kf7 54.Rd1 Ke6 55.Kf1 Kd6 56.Nd4 Ke5 57.Nc6+ Ke4
58.Re1+ Kd3 59.Ne5+ Kc2 60.Re2+ Kc3 61.Re3+ Kd4 62.Re1 Ne4 63.Nf3+ Kc3 64.Re3+ Kc4
65.Re1 Ra2 66.Ne5+  0-1

[Event "HUN-chT"]
[Site "HUN"]
[Date "1993.??.??"]
[Round "?"]
[White "Sziraki, Tamas"]
[Black "Geller, Arpad"]
[Result "0-1"]
[WhiteElo "2295"]
[BlackElo "2290"]

1.e4 e5 2.Nf3 Nc6 3.Bb5 a6 4.Ba4 Nf6 5.O-O Be7 6.Re1 b5 7.Bb3 O-O 8.c3 d6
9.h3 Bb7 10.d4 Re8 11.Nbd2 Bf8 12.Bc2 h6 13.d5 Nb8 14.b3 c6 15.c4 Nbd7 16.a4 Qc7
17.Ba3 bxc4 18.bxc4 Nc5 19.Bxc5 dxc5 20.Bd3 Bc8 21.Nf1 Bd7 22.Ne3 Rab8 23.Nd2 a5
24.dxc6 Qxc6 25.Nd5 Rb7 26.Qc2 Reb8 27.Qc3 Nxd5 28.exd5 Qc7 29.Qxe5 Qxe5
30.Rxe5 Rb2 31.Nf1 R8b4 32.Ree1 Rxa4 33.Rxa4 Bxa4 34.Ra1 Rb4 35.Ng3 g6 36.Ne4 f5
37.Nc3 Bb3 38.Rxa5 Bxc4 39.Bc2 Rb2 40.Ba4 Rd2 41.Bd7 Kf7 42.Be6+ Kf6 43.g4 Rd3
44.Ra7 Bd6 45.Rf7+ Kg5 46.f4+ Bxf4 47.Na4 Be3+ 48.Kh2 Kf4  0-1

[Event "HUN-chT"]
[Site "HUN"]
[Date "1993.??.??"]
[Round "?"]
[White "Szalanczy, Emil"]
[Black "Petran, Pal"]
[Result "1-0"]
[WhiteElo "2365"]
[BlackElo "2485"]

1.e4 e5 2.Nf3 Nc6 3.Bb5 a6 4.Ba4 Nf6 5.O-O Be7 6.Re1 b5 7.Bb3 O-O 8.c3 d6
9.h3 Bb7 10.d4 Re8 11.Ng5 Rf8 12.Nf3 Re8 13.Nbd2 Bf8 14.d5 Nb8 15.Nf1 c6
16.Bg5 Nbd7 17.Ne3 h6 18.Bh4 c5 19.Nd2 c4 20.Bc2 g6 21.Qf3 Be7 22.Bg3 Nh7
23.Qe2 Bg5 24.Nf3 Be7 25.Rf1 Ndf6 26.a4 Nh5 27.Bh2 Bf8 28.Ra3 Nf4 29.Qd2 Ng5
30.Ne1 Nh7 31.Kh1 h5 32.Nf3 Bh6 33.Re1 Qd7 34.Qd1 Nf6 35.Bg3 Qc7 36.Bh4 Nh7
37.Ra1 Qd7 38.Ng1 Bg5 39.Bxg5 Nxg5 40.h4 Nh7 41.Kh2 f5 42.exf5 Nf6 43.axb5 axb5
44.Rxa8 Bxa8 45.fxg6 N6xd5 46.Nxd5 Bxd5 47.f3 Qe7 48.Bf5 e4 49.Qd4 exf3 50.gxf3  1-0

[Event "HUN-chT2"]
[Site "HUN"]
[Date "1993.??.??"]
[Round "?"]
[White "Zagrebelny, Sergey"]
[Black "Horvath, Istvan"]
[Result "1-0"]
[WhiteElo "2490"]
[BlackElo "2245"]

1.e4 e5 2.Nf3 Nc6 3.Bb5 a6 4.Ba4 Nf6 5.O-O Be7 6.Re1 b5 7.Bb3 d6 8.c3 O-O
9.h3 Bb7 10.d4 Qd7 11.Nbd2 Rad8 12.a4 exd4 13.axb5 axb5 14.cxd4 Nb4 15.d5 Ra8
16.Ra3 c6 17.dxc6 Qxc6 18.Nd4 Qc5 19.Nf1 Bxe4 20.Ng3 d5 21.Ndf5 Bxf5 22.Nxf5 Bd6
23.Be3 d4 24.Qxd4 Qxf5 25.Qxd6 Rxa3 26.bxa3 Nbd5 27.Bd4 h6 28.Qc5 Rc8 29.Qxb5 Qf4
30.Qd3 Rc1 31.Rd1 Rxd1+ 32.Qxd1 Qg5 33.Bxf6 Nxf6 34.Qd8+ Kh7 35.Qd3+ g6 36.Qc4 Kh8
37.Qc8+ Kg7 38.Qc7 Nd5 39.Qc4  1-0

[Event "ISL-ch"]
[Site "?"]
[Date "1993.??.??"]
[Round "5"]
[White "Hjartarson, Johann"]
[Black "Stefansson, Hannes"]
[Result "1-0"]
[WhiteElo "2605"]
[BlackElo "2500"]

1.e4 e5 2.Nf3 Nc6 3.Bb5 a6 4.Ba4 Nf6 5.O-O Be7 6.Re1 b5 7.Bb3 d6 8.c3 O-O
9.h3 Bb7 10.d4 Re8 11.Ng5 Rf8 12.Nf3 Re8 13.Nbd2 Bf8 14.a4 h6 15.Bc2 g6 16.d5 Ne7
17.b3 c6 18.c4 Qd7 19.Nf1 Nh5 20.Ne3 Nf4 21.h4 bxc4 22.bxc4 a5 23.g3 Nh5
24.Nd2 Nc8 25.Nb3 Nb6 26.Bd2 cxd5 27.cxd5 Nxa4 28.Nc4 Rab8 29.Nbxa5 Nc5 30.Be3 Qc8
31.Rb1 Ba6 32.Rxb8 Qxb8 33.Bxc5 Bxc4 34.Nxc4 dxc5 35.Qd3 Nf6 36.Kg2 Qc7 37.Rb1 Rb8
38.d6 Qd8 39.Ra1 Nd7 40.Ra7 Ra8 41.Rc7 Rc8 42.Ba4 Nb6 43.Rxc8 Nxc8 44.d7 Ne7
45.Nxe5 Bg7 46.Nxf7 Kxf7 47.Bb3+ Kf8 48.Qc4  1-0

[Event "Jakarta zt"]
[Site "Jakarta"]
[Date "1993.??.??"]
[Round "9"]
[White "Yang Xian"]
[Black "Barus, Cerdas"]
[Result "0-1"]
[WhiteElo "2415"]
[BlackElo "2375"]

1.e4 e5 2.Nf3 Nc6 3.Bb5 a6 4.Ba4 Nf6 5.O-O Be7 6.Re1 b5 7.Bb3 d6 8.c3 O-O
9.h3 Bb7 10.d4 Re8 11.Nbd2 Bf8 12.a3 h6 13.Ba2 Nb8 14.d5 Nbd7 15.b4 Nb6 16.c4 bxc4
17.Nxc4 Nxc4 18.Bxc4 c6 19.dxc6 Bxc6 20.Qb3 Qd7 21.Nd2 Qb7 22.Bb2 Reb8 23.Rac1 Rc8
24.f3 Rab8 25.Qd3 Bb5 26.Bxb5 axb5 27.Nb1 Nh5 28.Rxc8 Rxc8 29.Bc1 Be7 30.Be3 Qc6
31.Qd2 Bg5 32.Bxg5 hxg5 33.Rd1 Nf4 34.Kh2 Qc2 35.Qxc2 Rxc2 36.Rd2 Rc1 37.Rb2 Kf8
38.Nd2 Ne6 39.Kg3 g6 40.Ra2 Nd4 41.Kf2 Rd1 42.Nf1 f5 43.Ng3 Rc1 44.Rd2 Ke7
45.exf5 gxf5 46.Rxd4 exd4 47.Nxf5+ Kf6 48.Nxd4 Ke5 49.Nxb5 Rc2+ 50.Kf1 d5
51.g3 d4 52.Ke1 Kd5 53.h4 gxh4 54.gxh4 Rh2 55.h5 d3 56.Kd1 Rxh5 57.Kd2 Kc4
58.Nd6+ Kd4 59.Kd1 Rh1+ 60.Kd2 Rh2+ 61.Kd1 Rb2 62.Kc1 d2+ 63.Kxb2 d1=Q 64.Nf5+ Ke5  0-1

[Event "Katerini GP"]
[Site "Katerini"]
[Date "1993.??.??"]
[Round "5"]
[White "Arnason, Jon L"]
[Black "Ibragimov, Ildar"]
[Result "1-0"]
[WhiteElo "2530"]
[BlackElo "2550"]

1.e4 e5 2.Nf3 Nc6 3.Bb5 a6 4.Ba4 Nf6 5.O-O Be7 6.Re1 b5 7.Bb3 d6 8.c3 O-O
9.h3 Bb7 10.d4 Re8 11.Ng5 Rf8 12.Nf3 Re8 13.Nbd2 Bf8 14.d5 Nb8 15.Nf1 Nbd7
16.Ng3 g6 17.Nh2 Nc5 18.Bc2 c6 19.b4 Ncd7 20.dxc6 Bxc6 21.Bg5 h6 22.Bxf6 Qxf6
23.Re3 Nb6 24.Bb3 Nc4 25.Ng4 Qh4 26.Re2 Rac8 27.Ne3 Nb6 28.Rc1 Bb7 29.a3 Rc7
30.c4 Rec8 31.Rec2 Bxe4 32.Nxe4 Qxe4 33.cxb5 Rxc2 34.Bxc2 Qb7 35.bxa6 Qxa6
36.a4 Nxa4 37.b5 Qxb5 38.Bxa4 Rxc1 39.Bxb5 Rxd1+ 40.Nxd1 Kg7 41.Ne3 Be7 42.Kf1 Bd8
43.Nd5 f5 44.Be8 h5 45.Ke2 Bh4 46.f3 Bd8 47.Kd3 Kh6 48.Nc3 Kg5 49.Bf7 Kf6
50.Bb3 Ba5 51.Ne2 Bb4 52.Kc4 Bc5 53.Kd5 Bb4 54.Kc6 Bc5 55.Bd5 Bb4 56.Kd7 Bc5
57.Ke8 Bb4 58.Bf7 Bc5 59.Bb3 Bb4 60.Bd5 Bc5 61.Nc3 Bb4 62.Nb5 Kg5 63.Kf7 h4
64.Ke6  1-0

[Event "Katerini GP"]
[Site "Katerini"]
[Date "1993.??.??"]
[Round "7"]
[White "Arnason, Jon L"]
[Black "Sturua, Zurab"]
[Result "0-1"]
[WhiteElo "2530"]
[BlackElo "2540"]

1.e4 e5 2.Nf3 Nc6 3.Bb5 a6 4.Ba4 Nf6 5.O-O Be7 6.Re1 b5 7.Bb3 d6 8.c3 O-O
9.h3 Bb7 10.d4 Re8 11.Ng5 Rf8 12.Nf3 Re8 13.Nbd2 Bf8 14.d5 Nb8 15.Nf1 Nbd7
16.Ng3 g6 17.Nh2 Nc5 18.Bc2 a5 19.Qf3 h5 20.Be3 Nfd7 21.b3 Qe7 22.Ngf1 c6
23.b4 Na4 24.dxc6 Bxc6 25.Bd2 Nab6 26.Bb3 Nc4 27.Bxc4 bxc4 28.Qe2 Nb6 29.Be3 Na4
30.Qxc4 Qb7 31.bxa5 Rxa5 32.f3 d5 33.exd5 Bxd5 34.Qd3 Qc6 35.Rec1 Ba3 36.Rc2 e4
37.Qd2 exf3 38.c4 fxg2 39.Qxa5 gxf1=Q+ 40.Rxf1 Be4 41.Rd2 Bf8 42.Qb5 Qc7
43.Nf3 Bc6 44.Qg5 Nc3 45.Kg2 Ba8 46.c5 Rxe3 47.Qxe3 Bxc5 48.Rd4 Bxd4  0-1

[Event "Las Palmas2"]
[Site "Las Palmas"]
[Date "1993.??.??"]
[Round "?"]
[White "Dimitrov, Vladimir"]
[Black "Brito, Alfredo"]
[Result "1-0"]
[WhiteElo "2460"]
[BlackElo "2370"]

1.e4 e5 2.Nf3 Nc6 3.Bb5 a6 4.Ba4 Nf6 5.O-O Be7 6.Re1 b5 7.Bb3 d6 8.c3 O-O
9.h3 Bb7 10.d4 Re8 11.Nbd2 Bf8 12.a4 h6 13.Bc2 exd4 14.cxd4 Nb4 15.Bb1 c5
16.d5 Nd7 17.Ra3 f5 18.Nh2 Nf6 19.Rf3 Re5 20.b3 fxe4 21.Rxf6 Qxf6 22.Ng4 Qf7
23.Nxe5 dxe5 24.Nxe4 Bxd5 25.Qg4 Nc6 26.Nc3 h5 27.Qe2 Nd4 28.Qxe5 Bc6 29.Qg5 Re8
30.Rxe8 Qxe8 31.Be3 Be7 32.Qe5 Qf7 33.axb5 axb5 34.b4 Qf6 35.Qxh5 Nf3+ 36.gxf3 Qxc3
37.Bh7+ Kf8 38.Bg6  1-0

[Event "Loosdorf op"]
[Site "Loosdorf"]
[Date "1993.??.??"]
[Round "7"]
[White "Kaposztas, Miklos"]
[Black "Humer, Wolfgang"]
[Result "1/2-1/2"]
[WhiteElo "2265"]
[BlackElo "2255"]

1.e4 e5 2.Nf3 Nc6 3.Bb5 a6 4.Ba4 Nf6 5.O-O Be7 6.Re1 b5 7.Bb3 d6 8.c3 O-O
9.h3 Bb7 10.d4 Re8 11.Nbd2 Bf8 12.Bc2 Nb8 13.a4 Nbd7 14.axb5 axb5 15.Rxa8 Qxa8
16.Qe2 c6 17.Nf1 g6 18.Ng3 Bg7 19.Be3 Qa2 20.Bb1 Qb3 21.Qd2 Nb6 22.Qc2 Qxc2
23.Bxc2 Nc4 24.Bc1 exd4 25.cxd4 Ra8 26.b3 Na3 27.Bd3 c5 28.e5 dxe5 29.dxc5 Nd7
30.Bxa3 Rxa3 31.Bxb5 Nxc5 32.Nxe5 Nxb3 33.Bc4 Bxe5 34.Rxe5 Nd2 35.Bd5  1/2-1/2

[Event "Amber-rapid 2nd"]
[Site "Monte Carlo"]
[Date "1993.??.??"]
[Round "3"]
[White "Ivanchuk, Vassily"]
[Black "Ljubojevic, Ljubomir"]
[Result "1/2-1/2"]
[WhiteElo "2710"]
[BlackElo "2605"]

1.e4 e5 2.Nf3 Nc6 3.Bb5 a6 4.Ba4 Nf6 5.O-O Be7 6.Re1 b5 7.Bb3 O-O 8.c3 d6
9.h3 Bb7 10.d4 Re8 11.Nbd2 Bf8 12.a4 h6 13.Bc2 g6 14.d5 Nb8 15.b3 c6 16.c4 bxc4
17.bxc4 a5 18.Rb1 Qc7 19.Nb3 Ba6 20.Bd3 Nbd7 21.Bd2 cxd5 22.Bxa5 Qa7 23.cxd5 Bxd3
24.Qxd3 Nc5 25.Nxc5 Qxa5 26.Nb3 Qxa4 27.Ra1 Qb4 28.Nbd2 Rxa1 29.Rxa1 Rc8
30.Rb1 Qa4 31.g3 Be7 32.Kg2 Bd8 33.Rb3 Kg7 34.Ra3 Qb4 35.Rb3 Qa4 36.Ra3 Qb4  1/2-1/2